Регионална библиотека "Любен Каравелов" - Русе

Съчинения в петнайсет тома (Запис номер 199828)

MARC детайли
000 -Лидер
Контролно поле с фиксирана дължина 02224nam a2200373 c 4500
003 - Код на организацията, давaща контролен номер
Контролно поле BLK
005 - Дата и час на последна редакция
Контролно поле 20250627151751.0
008 - Елементи от данни с фиксирана дължина
fixed length control field 180411b bul|||||r ||||||| ||bul||
010 ## - Наследен системен номер
LC control number KNG00209226000
020 ## - Международен стандартен номер на книга ISBN
Международен стандартен номер на книга ISBN 978-954-09-1100-7
-- издат.: Захарий Стоянов - на том(т. 3)
040 ## - Източник на каталожния запис
Идентификатор на билиотеката - собственик на записа BLK
041 ## - Код за език
Код за езика на текст/звукозапис или на отделно заглавие Български
Код за езика КДБФ Български
072 #7 - Код за тематичната категория
Код организация bullib
Код за тематична категория Н84
Текст Българска художествена литература Н
080 ## - УДК
Текстов определител УДК Българска литература
УДК код - определител по УДК 821.163.2
УДК определител (081.1)
УДК - код + определител 821.163.2(081.1)
080 ## - УДК
Текстов определител УДК Българска литература
УДК код - определител по УДК 821.163.2
УДК определител -311.6
УДК - код + определител 821.163.2-311.6
100 1# - Редна дума - Автор
Автор Талев, Димитър
Авторска отговорност първи автор
Автор - информация (биография) Петров-Палисламов, Димитър Талев
R(LIN) 378088
139 ## - Редно поле
Редна дума Талев, Димитър
Авторски знак Тал - Т 25
245 10 - Сведения за заглавието
Заглавие Съчинения в петнайсет тома
Подзаглавни данни Т. 1 -
Редно поле (дума) Димитър Талев; под общ. ред. на Иван Гранитски; под общ. ред. на Панко Кирилов Анчев.
Том Т. 3
Заглавие на том Илинден
257 ## - Страна на издаване
Страна на създаване/издаване България
260 ## - Област на издателските данни
-- София
Година на издаване 2016 -
Печатница Костинброд : Мултипринт
300 ## - Физическа характеристика
Размери/Мащаб 24 см
380 ## - Жанр
Жанр Худож. лит.
653 ## - Ключова дума – ненормативна
Ключова дума исторически романи
659 ## - Тематичен бюлетин
Тематичен бюлетин Н
700 1# - Други автори (авторска отговорност)
Лично име Анчев, Панко Кирилов
Дати, свързани с автора 1946 -
Друга информация Литературовед, историк, философ, публицист.
9 (RLIN) 32971
700 1# - Други автори (авторска отговорност)
Лично име Гранитски, Иван
Пълна форма на името Димитров, Иван Йорданов
Дати, свързани с автора 1953-
Друга информация Журналист, литературен критик, теоретик и историк, поет, публицист и издател.
Автороска отговорност (Описва отношението между автора и произведението) под общ. ред. на
9 (RLIN) 55767
760 1# - Описание на основната серия
-- - на том(т. 3)
Редна дума на основното описание Талев, Димитър
Място на издаване, издател и година Захарий Стоянов, 2016
Страници - том 752 с.
Забележка - том Загл. на гърба на кн.: Илинден. - Новите люде сред поробения народ. "Илинден" / Панко Анчев.
Заглавие Т. 3 Илинден
852 ## - Местоположение
Форматна сигнатура Цб 286475
856 4# - Електронен адрес и достъп
Електронен формат pdf - файл
Път до файла /url/
856 4# - Електронен адрес и достъп
Електронен формат pdf - файл
Път до файла /url/
942 ## - АРТИКУЛИ
Вид на библиотечния материал Книги
Скрит в OPAC Не
Koha issues (borrowed), all copies 27
944 ## - СЪЗДАВАНЕ И РЕДАКЦИЯ на ЗАПИСА
Създаване/Редакция Създаване
Дата на регистрацията/редакция 10.07.2017
Статус, дата на статуса Цветелина Шанова
Служител, извършил регистрацията/редакцията 30531
944 ## - СЪЗДАВАНЕ И РЕДАКЦИЯ на ЗАПИСА
Създаване/Редакция Редакция
Дата на регистрацията/редакция 25.10.2017
Статус, дата на статуса ф /
Служител, извършил регистрацията/редакцията Людмила_Стоянова
999 ## - СИСТЕМНИ КОНТРОЛНИ НОМЕРА
Koha biblionumber 199828
Koha biblioitemnumber 199828
Наличности
Код за отписване Код за изгубен артикул Код за повреда Коз за рестрикции Код за отдаване Артикулен № Име на библиотеката - собственик Име на библиотеката, в която се намира в момента Статус (Текущо местоположение) Дата на вписване в системата Местоположение - отдел Цена в лева Инвентарен номер Систематично азбучна сигнатура Баркод Номер на екземпляра Цена в евро Служебна бележка Служебен тип на артикула
  Не е изгубен Не е повреден без рестрикции ползва се в читалня 346833 Регионална библиотека "Любен Каравелов" Русе Регионална библиотека "Любен Каравелов" Русе Хранилище 2017-07-08 Хранилище 30.00 120000813177 Цб 286475 120000813177 1 15.34 Дост: Dp Вид: Д N: 25 Дата: 23.05.2017 Книги
  Не е изгубен Не е повреден без рестрикции заемане за дома 346834 Регионална библиотека "Любен Каравелов" Русе Регионална библиотека "Любен Каравелов" Русе Заемна - подръчен фонд 2017-08-19 Заемна - подръчен фонд 21.00 120000814288 П 886.7(081)/Т 25 120000814288 2 10.74 Дост: Pk Вид: Ф N: 2773 Дата: 08.08.2017 Дата инв: 09.02.2018 Бележки инв: П2018 Книги
  Не е изгубен Не е повреден без рестрикции заемане за дома 346835 Регионална библиотека "Любен Каравелов" Русе Регионална библиотека "Любен Каравелов" Русе Заемна - подръчен фонд 2017-10-24 Заемна - подръчен фонд 21.00 120000816065 П 886.7(081)/Т 25 120000816065 3 10.74 Дост: Pk Вид: Ф N: 18103 Дата: 12.10.2017 Дата инв: 09.02.2018 Бележки инв: П2018 Книги
Vip Innovations Ltd, Rousse, Bulgaria 2025